|
|
|
|
| LEADER |
00000nab#a22000007a#4500 |
| 001 |
arbauad027842 |
| 003 |
AR-BaUAD |
| 005 |
20250711112257.0 |
| 008 |
970731|||||||||###||||||b###|0###a|spa|| |
| 040 |
|
|
|a AR-BaUAD
|c AR-BaUAD
|b spa
|
| 100 |
|
|
|a Hetherington, Janet
|
| 245 |
|
|
|a Nelvana's madcap "Sam & Max" set storm saturday mornings :
|b new series to premiere this fall on Fox Kids Network /
|c Janet Hetherington;
|
| 300 |
0 |
|
|b fot., il.
|
| 500 |
|
|
|a Artículo sobre los nuevos dibujos animados "Sam & Max" en el Fox Kids Network.
|
| 653 |
|
|
|a ANIMACION
|
| 653 |
|
|
|a SAM & MAX
|
| 653 |
|
|
|a FOX KIDS NETWORK
|
| 653 |
|
|
|a PROGRAMACION
|
| 653 |
|
|
|a TELEVISION
|
| 653 |
|
|
|a CANALES DE TELEVISION
|
| 653 |
|
|
|a NELVANA LIMITED
|
| 653 |
|
|
|a SERIES
|
| 653 |
|
|
|a NIÑOS
|
| 653 |
|
|
|a DIBUJOS ANIMADOS
|
| 773 |
0 |
|
|t ANIMATION MAGAZINE
|g no. 55 [mayo 1997], p. 18-20
|
| 942 |
|
|
|c ARTI
|
| 952 |
|
|
|0 0
|1 0
|4 0
|7 0
|9 72761
|a AR-BAuAD
|b AR-BAuAD
|d 2025-07-11
|l 0
|p AAQA027842
|r 2025-07-11 11:22:57
|w 2025-07-11
|y ARTI
|
| 990 |
|
|
|a C199
|b TD
|
| 998 |
|
|
|a AAQ
|b BIBUN76
|
| 999 |
|
|
|c 52434
|d 52434
|